US presidents, British, and French monarchs - Statistics

General Stats
  • This quiz has been taken 19 times
  • The average score is 80 of 139
Answer Stats
Answer % Correct
1933-1945 Franklin D. Roosevelt
100%
1789-1797 George Washington
100%
1929-1933 Herbert Hoover
100%
1801-1809 Thomas Jefferson
100%
1861-1865 Abraham Lincoln
88%
2009-2017 Barack Obama
88%
1993-2001 Bill Clinton
88%
2017-2021 Donald Trump
88%
2025- Donald Trump
88%
1953-1961 Dwight D. Eisenhower
88%
1952-2022 Elizabeth II
88%
2001-2009 George H. Bush
88%
1989-1993 George H. W. Bush
88%
1974-1977 Gerald Ford
88%
1945-1953 Harry S. Truman
88%
1977-1981 Jimmy Carter
88%
2021-2025 Joe Biden
88%
1797-1801 John Adams
88%
1961-1963 John F. Kennedy
88%
1963-1969 Lyndon B. Johnson
88%
1969-1974 Richard Nixon
88%
1981-1989 Ronald Reagan
88%
1869-1877 Ulysses S. Grant
88%
1913-1921 Woodrow Wilson
88%
1829-1837 Andrew Jackson
75%
1865-1869 Andrew Johnson
75%
2022- Charles III
75%
1881-1885 Chester A. Arthur
75%
1936 Edward VIII
75%
1910-1936 George V
75%
1936-1952 George VI
75%
1100-1135 Henry I
75%
1809-1817 James Madison
75%
1817-1825 James Monroe
75%
1825-1829 John Quincy Adams
75%
1837-1841 Martin Van Buren
75%
1901-1909 Theodore Roosevelt
75%
1909-1913 William Howard Taft
75%
1066-1087 William I
75%
1087-1100 William II
75%
1702-1714 Anne
63%
1923-1929 Calvin Coolidge
63%
1625-1649 Charles I
63%
1660-1685 Charles II
63%
1272-1307 Edward I
63%
1307-1327 Edward II
63%
1327-1377 Edward III
63%
1461-1470,1471-1483 Edward IV
63%
1483 Edward V
63%
1547-1553 Edward VI
63%
1901-1910 Edward VII
63%
1558-1603 Elizabeth I
63%
1714-1727 George I
63%
1727-1760 George II
63%
1760-1820 George III
63%
1820-1830 George IV
63%
1885-1889 Grover Cleveland
63%
1893-1897 Grover Cleveland
63%
1154-1189 Henry II
63%
1216-1272 Henry III
63%
1399-1413 Henry IV
63%
1413-1422 Henry V
63%
1422-1461,1470-1471 Henry VI
63%
1485-1509 Henry VII
63%
1509-1547 Henry VIII
63%
1881 James A. Garfield
63%
1603-1625 James I
63%
1685-1688 James II
63%
1199-1216 John
63%
1841-1845 John Tyler
63%
1715-1774 Louis XV
63%
1774-1792 Louis XVI
63%
1814-1815, 1815-1824 Louis XVIII
63%
1852-1870 Napoleon III
63%
1189-1199 Richard I
63%
1377-1399 Richard II
63%
1483-1485 Richard III
63%
1877-1881 Rutherford B. Hayes
63%
1135-1154 Stephen
63%
1837-1901 Victoria
63%
1921-1923 Warren G. Harding
63%
1841 William Henry Harrison
63%
1897-1901 William McKinley
63%
1849-1850 Zachery Taylor
63%
1889-1893 Benjamin Harrison
50%
843-877 Charles II
50%
1322-1328 Charles IV
50%
1560-1574 Charles IX
50%
1364-1380 Charles V
50%
1380-1422 Charles VI
50%
1422-1461 Charles VII
50%
1483-1498 Charles VIII
50%
1824-1830 Charles X
50%
1853-1857 Franklin Pierce
50%
1857-1861 James Buchanan
50%
1845-1849 James K. Polk
50%
1226-1270 Louis IX
50%
1223-1226 Louis VIII
50%
1314-1316 Louis X
50%
1461-1483 Louis XI
50%
1498-1515 Louis XII
50%
1610-1643 Louis XIII
50%
1643-1715 Louis XIV
50%
1553-1558 Mary I
50%
1689-1694 Mary II
50%
1850-1853 Millard Filmore
50%
1804-1814,1815 Napoleon I
50%
1689-1702 William III
50%
1830-1837 William IV
50%
898-922 Charles III
38%
1547-1559 Henry II
38%
1574-1589 Henry III
38%
1589-1610 Henry IV
38%
1830-1848 Louis Philippe
38%
1108-1137 Louis VI
38%
1137-1180 Louis VII
38%
1270-1285 Philip III
38%
1285-1314 Philip IV
38%
1515-1547 Francis I
25%
1559-1560 Francis II
25%
877-879 Louis II
25%
879-882 Louis III
25%
936-954 Louis IV
25%
986-987 Louis V
25%
1060-1108 Philip I
25%
1180-1223 Philip II
25%
1316-1322 Philip V
25%
1328-1350 Philip VI
25%
922-923 Robert I
13%
996-1031 Robert II
13%
879-884 Carloman II
0%
884-887 Charles the fat
0%
1031-1060 Henry I
0%
987-996 Hugh Capet
0%
1316 John I
0%
1350-1364 John II
0%
954-986 Lothair
0%
888-898 Odo of paris
0%
923-936 Rudolph
0%
No matching quizzes found
Score Distribution
Percent of People with Each Score
Percentile by Number Answered
Your Score History
You have not taken this quiz